000 00438nam a22001457a 4500
003 OSt
005 20140310182150.0
008 130830t xxu||||| |||| 00| 0 eng d
050 _aTL 272.5
_b.B926 1965
082 _aHS 629.25
_b Bu85 1965
245 _aBuild useful electronic accessories for your car
_cLen Buckwalter.
260 _aNew Augusta,
_b Indiana : Editors and Engineers, Ltd,
_cc1965.
942 _2lcc
_cHS
999 _c10001
_d10001